Biblioteca imprescindibles peruanos : (Registro nro. 281)

Detalles MARC
000 -Cabecera
Campo de control interno 01535nam a2200241Ia 4500
005 - Fecha y hora del registro
control field 20251203123024.0
008 - Elementos de Longitud Fija
fixed length control field 251203t2010||||xx |||||||||||||| ||spa||
020 ## - ISBN
ISBN 9786124069512
041 ## - Idioma
Codigo Idioma ESP
082 ## - DEWEY y NOTACIÓN INTERNA
Dewey RO 869.508
Notación Interna C76
110 ## - AUTOR INSTTITUCIONAL
Autor Institucional El Comercio
245 #0 - TÍTULO DE MATERIAL BIBLIOGRÁFICO
Título Biblioteca imprescindibles peruanos :
Título paralelo [Tomos 1-14]
250 ## - EDICIÓN
Edición Primera edición
260 ## - CIUDAD, EDITORIAL, AÑO
Ciudad Lima :
Nombre de la Editorial Producciones Cantabria,
Año 2010
300 ## - DESCRIPCIÓN
N° Páginas 350 páginas :
Otros detalles ilustraciones, fotografías ;
Dimensiones 29 cm.
Material Adicional
440 ## - MENCIÓN DE SERIE
Título de la Serie
Número de Serie
Volumen de Serie
505 ## - TABLA DE CONTENIDO
Tabla de Contenido Tomo 1: Perú independiente - Jorge Basadre; Tomo 2. Comentarios reales de los incas - Inca Garcilaso de la Vega; Tomo 3. Sipán - Walter Alva; Tomo 4. Incas - María Rostworowski; Tomo 5. Paisajes peruanos - José de la Riva Agüero; Tomo 6. Pequeña antología de Lima - Raúl Porras Barrenechea; Tomo 7. Horas de lucha - Manuel González Prada; Tomo 8. Siete ensayos de interpretación de la realidad peruana - José Carlos Mariátegui; Tomo 9. Buscando un Inca, identidad y utopía en los Andes - Alberto Flores Galindo; Tomo 10. El primer nueva corónica y buen gobierno - Felipe Guamán Poma De Ayala; Tomo 11. Costa, sierra y montaña - Aurelio Miró Quesada Sosa; 12. La realidad nacional - Víctor Andrés Belaunde; Tomo 13. Desborde popular y crisis del Estado - José Matos Mar; 14. Ciudad de los Reyes, de los Chávez, de los Quispe - Rolando Arellano Cueva y David Burgos.
650 ## - TEMAS
Temas Literatura
653 ## - DESCRIPTORES
Lenguajes no controlado Literatura peruana; Colección
654 ## - PROGRAMAS
Programa Todos los programas
942 ## - ELEMENTOS DE KOHA
Tipo de documento Libro
Nombre del creador Justo Noguera
Código de catalogador Margarita Torres
Esquema de clasificación Dewey Decimal Classification
Suppress in OPAC
Existencias
Codigo completo Registro Colección Copia número Disponibilidad Tipo de préstamo Biblioteca Actual Procedencia (Biblioteca) Ubicacón Fecha Ingreso Tipo de Adquisición Date last seen Total checkouts Price effective from Tipo de Item Estado del Material Fuente de Clasificación Damaged status Withdrawn status
RO 869.508 C76 1085160 Colección Vera Bejar 1   Restringido Víctor Andrés Belaunde Víctor Andrés Belaunde Planta baja cerrada 03/12/2025 Donación 03/12/2025   03/12/2025 Libro Bueno Dewey Decimal Classification   Withdrawn